Euro je měnou již ve dvaceti zemích

Používanie eura v zahraničí. Euro v Kyperskej republike a na Malte, ich účasť v Európskom systéme centrálnych bánk. Technicky bezchybný prechod na euro v týchto krajinách. Opatrenia ku stabilizácii cien.

Gespeichert in:
Bibliographische Detailangaben
Format: Buchkapitel
Sprache:Tschechisch
Schlagworte:
Tags: Tag hinzufügen
Keine Tags, Fügen Sie das erste Tag hinzu!

MARC

LEADER 00000naa$a2200000$$$4500
001 0081411
005 20231010095426.6
041 0 |a cze 
044 |a CZ 
245 1 0 |a Euro je měnou již ve dvaceti zemích 
520 |a Používanie eura v zahraničí. Euro v Kyperskej republike a na Malte, ich účasť v Európskom systéme centrálnych bánk. Technicky bezchybný prechod na euro v týchto krajinách. Opatrenia ku stabilizácii cien. 
610 2 0 |a euro 
610 2 0 |a eurozóna 
610 2 0 |a ceny 
610 2 0 |a Malta 
610 2 0 |a Kyperská republika